States of Venezuela (Without a Map) - Statistics

General Stats
  • This quiz has been taken 177 times
  • The average score is 18 of 23
Answer Stats
Capital States % Correct
Puerto Ayacucho Amazonas
94%
Ciudad Bolívar Bolívar
91%
Mérida Mérida
88%
Barinas Barinas
85%
Maracaibo Zulia
85%
San Fernando de Apure Apure
84%
Los Teques Miranda
83%
Trujillo Trujillo
80%
Tucupita Delta Amacuro
79%
La Asunción Nueva Esparta
79%
Barcelona Anzoátegui
78%
Barquisimeto Lara
78%
La Guaira Catia La Mar Vargas
78%
Valencia Carabobo
77%
Cumaná Sucre
77%
Guanare Portuguesa
76%
Maracay Aragua
75%
Tucupita Falcón
74%
San Cristóbal Táchira
73%
San Juan de Los Morros Guárico
72%
San Felipe Yaracuy
72%
Maturín Monagas
70%
San Carlos Cojedes
66%
No matching quizzes found
Score Distribution
Percent of People with Each Score
Percentile by Number Answered
Your Score History
You have not taken this quiz